00922nam a2200241Ia 4500001000600000003000900006008004100015040001300056040001300069041001300082100002000095100002900115245003100144245002700175250001100202260001000213260001000223260004900233300005700282500028600339650002400625650003100649E2430IT-RoPAU130308s9999 xx 000 0 und d aIT-RoPAU cIT-RoPAU aFRANCESE aBinkley Timothy gCodice Aut. SPICS: 47903 aPiece: contre l'esthetique bEsthetique et Poetique a1a ed. aPARIS bSeuil c1992 [1° Ed.:1992 - Ed.Ling.Originale:1977] a"34 p. (prefazione: no ; testo: 34 [pagine: 33-66])" aOpera Artistica ed Estetica. Estetica Come Branca della Filosofia che Tratta dell'arte . Qualità Estetiche. Teoria Estetica dei Media. Arte fuori dell'Estetica. Cosa è un'opera d'arte ? Due Opere d'arte di Marcel Duchamp: L.H.O.O.Q. e L.H.O.O.Q. Rasee. La Joconde di Leonardo. aSAGGI DI SEMIOLOGIA eCodice materia Spics: 3257